<?xml version="1.0" encoding="UTF-8"?>
<collection xmlns="http://www.loc.gov/MARC21/slim">
 <record>
  <leader>03272nam a2200409 a 4500</leader>
  <controlfield tag="001">TVCDKTCT12963</controlfield>
  <controlfield tag="003">Thư viện trường Cao đẳng Kỹ thuật Cao Thắng</controlfield>
  <controlfield tag="005">20110428000000</controlfield>
  <controlfield tag="008">110428</controlfield>
  <datafield tag="980" ind1="\" ind2="\">
   <subfield code="a">Thư viện Trường CĐ Kỹ Thuật Cao Thắng</subfield>
  </datafield>
  <datafield tag="024" ind1=" " ind2=" ">
   <subfield code="a">RG_1 #1 eb0 i1</subfield>
  </datafield>
  <datafield tag="041" ind1="0" ind2="#">
   <subfield code="a">vie</subfield>
  </datafield>
  <datafield tag="082" ind1="#" ind2="#">
   <subfield code="a">515 / </subfield>
   <subfield code="b">T406R-đ</subfield>
  </datafield>
  <datafield tag="100" ind1="1" ind2="#">
   <subfield code="a">Đỗ Đức Giáo</subfield>
  </datafield>
  <datafield tag="245" ind1="0" ind2="0">
   <subfield code="a">Toán rời rạc ứng dụng trong tin học /</subfield>
   <subfield code="c">Đỗ Đức Giáo</subfield>
  </datafield>
  <datafield tag="250" ind1="#" ind2="#">
   <subfield code="a">Tái bản lần thứ 3</subfield>
  </datafield>
  <datafield tag="260" ind1="#" ind2="#">
   <subfield code="a">H. :</subfield>
   <subfield code="b">Giáo dục Việt Nam ,</subfield>
   <subfield code="c">2011</subfield>
  </datafield>
  <datafield tag="300" ind1="#" ind2="#">
   <subfield code="a">407tr. ;</subfield>
   <subfield code="c">24 cm</subfield>
  </datafield>
  <datafield tag="520" ind1="#" ind2="#">
   <subfield code="a">Cuốn sách &quot;Toán rời rạc ứng dụng trong tin học&quot; được biên soạn để nâng cao chất lượng giảng dạy và học tập môn Toán rời rạc cho sinh viên và học viên ngành công nghệ thông tin và các ngành khoa học tự nhiên gồm 4 phần:</subfield>
  </datafield>
  <datafield tag="520" ind1="#" ind2="#">
   <subfield code="a">Phần I: Kiến thức bổ trợ</subfield>
  </datafield>
  <datafield tag="520" ind1="#" ind2="#">
   <subfield code="a">Chương 1: Các khái niệm cơ bản của thuật toán và phương pháp đệ quy</subfield>
  </datafield>
  <datafield tag="520" ind1="#" ind2="#">
   <subfield code="a">Chương 2: Các phương pháp đếm</subfield>
  </datafield>
  <datafield tag="520" ind1="#" ind2="#">
   <subfield code="a">Chương 3: Quan hệ</subfield>
  </datafield>
  <datafield tag="520" ind1="#" ind2="#">
   <subfield code="a">Phần II: Lôgic và ứng dụng</subfield>
  </datafield>
  <datafield tag="520" ind1="#" ind2="#">
   <subfield code="a">Chương 4: Lôgic mệnh đề</subfield>
  </datafield>
  <datafield tag="520" ind1="#" ind2="#">
   <subfield code="a">Chương 5: Lôgic vị từ</subfield>
  </datafield>
  <datafield tag="520" ind1="#" ind2="#">
   <subfield code="a">Chương 6: Hệ toán mệnh đề</subfield>
  </datafield>
  <datafield tag="520" ind1="#" ind2="#">
   <subfield code="a">Phần III: Đồ thị và ứng dụng</subfield>
  </datafield>
  <datafield tag="520" ind1="#" ind2="#">
   <subfield code="a">Chương 7: Lý thuyết đồ thị</subfield>
  </datafield>
  <datafield tag="520" ind1="#" ind2="#">
   <subfield code="a">Chương 8: Cây và ứng dụng của cây</subfield>
  </datafield>
  <datafield tag="520" ind1="#" ind2="#">
   <subfield code="a">Phần IV: Ngôn ngữ hình thức</subfield>
  </datafield>
  <datafield tag="520" ind1="#" ind2="#">
   <subfield code="a">Chương 9: Văn phạm và ngôn ngữ sinh bởi văn phạm</subfield>
  </datafield>
  <datafield tag="520" ind1="#" ind2="#">
   <subfield code="a">Chương 10: Ôtômat hữu hạn và ngôn ngữ đoán nhận của nó</subfield>
  </datafield>
  <datafield tag="520" ind1="#" ind2="#">
   <subfield code="a">Chương 11: Ôtômat đẩy xuống đoán nhận ngôn ngữ phi ngữ cảnh</subfield>
  </datafield>
  <datafield tag="520" ind1="#" ind2="#">
   <subfield code="a">Chương 12: Máy Turning không đơn định đàn hồi đoán nhận ngôn ngữ văn phạm</subfield>
  </datafield>
  <datafield tag="520" ind1="#" ind2="#">
   <subfield code="a">Nội dung cuốn sách trình bày các vấn đề toán học cơ bản nhất, nhưng lại hết sức thiết yếu và cần thiết đối với những ai muốn có được các kiến thức tin học vững chắc. Cuốn sách giúp người đọc tìm hiểu được lý thuyết thấu đáo, rèn luyện tư duy khoa học hiểu được lý thuyết thấu đáo, rèn luyện tư duy khoa học kỹ năng tính toán và khả năng vận dụng toán học vào giải quyết vấn đề, kích thích niềm say mê học tập và từ đó nâng cao kỹ năng thực hành, tư duy sáng tạo khi học các môn học cơ sở và chuyên ngành công nghệ thông tin tiếp theo. Cuốn sách này cũng rất bổ ích cho việc ôn thi tuyển sinh sau đại học ngành Công nghệ thông tin được tổ chức hàng năm ở Đại học quốc gia.</subfield>
  </datafield>
  <datafield tag="650" ind1="#" ind2="4">
   <subfield code="a">Toán rời rạc</subfield>
  </datafield>
 </record>
</collection>
